| 000 | 00795nam a2200217 i 4500 | ||
|---|---|---|---|
| 001 | 140287 | ||
| 003 | ES-MaACL | ||
| 005 | 20250721062629.0 | ||
| 007 | t| | ||
| 008 | 070214s1963 sp r ||||1| spa d | ||
| 100 | 1 |
_aSchumpeter, Joseph A., _d1883-1950 _9104815 |
|
| 245 | 1 | 0 |
_aTeoría del desenvolvimiento económico _b: una investigación sobre ganancias, capital , crédito, interés y ciclo económico / _cJoseph A. Schumpeter ; versión de Jesús Prados Arrarte. |
| 250 | _a3ª. ed. | ||
| 260 |
_aMéxico : _bFondo de Cultura Económica, _c1963. |
||
| 300 |
_a255 p. ; _c22 cm. |
||
| 650 | 0 | 7 |
_aEconomía _2embne _912006 |
| 650 | 0 | 4 |
_aCiclos económicos. _910923 |
| 700 | 1 |
_aPrados Arrarte, Jesús. _993635 |
|
| 852 |
_aES-MaACL _jE-8336 _bR.92831 |
||
| 999 |
_c140287 _d140287 |
||